000 00665nam a2200217 i 4500
001 89608
003 ES-MaACL
005 20250522203627.0
007 t|
008 050111s1965 sp ||||1| cat d
100 1 _aLasserre, Georges.
_970468
245 1 2 _aL'empresa socialista a Iugosláavia /
_cGeorges Lasserre ; versió catalana de Ramón Folch i Camarasa.
250 _a[1ª ed.].
260 _aBarcelona :
_bNova Terra,
_c1965.
300 _a164 p. ;
_c17 cm.
490 1 _aSintesi ;
_v10
700 1 _aFolch i Camarasa, Ramon,
_d1926-
_951450
830 0 _aSintesi ;
_v10
_9181167
852 _aES-MaACL
_jC-27749
_bR.56977
999 _c89608
_d89608